Riconosci lo Stato - Quiz n°189 - Statistics

Statistiche generali
  • Questo quiz è stato fatto 32 volte
  • Il punteggio medio è 11 su 13
Statistiche sulle risposte
Indizio Risposta % Corretto
Popolazione 10 279 279 ab.
97%
Iniziale della Capitale D
97%
Valuta Somoni
97%
Fuso Orario UTC+5
93%
Superficie 143 100 km²
86%
Indipendenza dall'URSS,
9 settembre 1991 (dichiarata),
25 dicembre 1991 (riconosciuta)
86%
Forma di Governo Repubblica presidenziale (de iure) Dittatura autoritaria (de facto)
86%
Presidente della Repubblica Emomalī Rahmon
83%
Primo ministro Qohir Rasulzoda
83%
PIL (nominale) 11 816 milioni di $
79%
ISU 0,685
76%
Tasso di crescita 1,823%
76%
Risposta Tagikistan
76%
Nessun quiz corrispondente trovato
Distribuzione punteggi
Percentuale di utenti per punteggio
Percentile per numero di risposta
I tuoi punteggi nel tempo
Non hai fatto questo quiz